LEADER 03049oas 2201165 a 450 001 9910154536203321 005 20260127110046.0 011 $a1530-9185 035 $a(DE-599)ZDB2024100-8 035 $a(OCoLC)41177834 035 $a(CONSER) 00215546 035 $a(CKB)954925600667 035 $a(DE-599)2024100-8 035 $a(EXLCZ)99954925600667 100 $a19990416a19949999 sy a 101 0 $aeng 135 $aurmnu|||||||| 181 $ctxt$2rdacontent 182 $cc$2rdamedia 183 $acr$2rdacarrier 200 10$aArtificial life 210 $aCambridge, MA $cMIT Press 300 $aRefereed/Peer-reviewed 311 08$a1064-5462 531 0 $aArtif. life 606 $aBiological systems$xComputer simulation$vPeriodicals 606 $aBiological systems$xSimulation methods$vPeriodicals 606 $aArtificial Intelligence 606 $aModels, Biological 606 $aOrganelle Biogenesis 606 $aArtificial Intelligence$2ebps$3(uri) http://www.ncbi.nlm.nih.gov/mesh/?term=D001185 606 $aLife Sciences$2ebps 606 $aBiological systems$xComputer simulation$2fast$3(OCoLC)fst00832337 606 $aBiological systems$xSimulation methods$2fast$3(OCoLC)fst00832344 606 $aKünstliches Leben$2gnd 606 $aZeitschrift$2gnd 606 $aBiologie$2gtt 606 $aKunstmatige intelligentie$2gtt 606 $aAdaptieve regelaars$2gtt 608 $aPeriodicals.$2fast 615 0$aBiological systems$xComputer simulation 615 0$aBiological systems$xSimulation methods 615 2$aArtificial Intelligence. 615 2$aModels, Biological. 615 2$aOrganelle Biogenesis. 615 7$aArtificial Intelligence. 615 7$aLife Sciences. 615 7$aBiological systems$xComputer simulation. 615 7$aBiological systems$xSimulation methods. 615 7$aKünstliches Leben. 615 7$aZeitschrift. 615 17$aBiologie. 615 17$aKunstmatige intelligentie. 615 17$aAdaptieve regelaars. 676 $a570 801 0$bF#A 801 1$bF#A 801 2$bNSD 801 2$bOCLCQ 801 2$bPIT 801 2$bOCLCQ 801 2$bAZU 801 2$bCIT 801 2$bOCLCQ 801 2$bDLC 801 2$bOCLCQ 801 2$bOCLCF 801 2$bOCLCQ 801 2$bWT2 801 2$bOCLCO 801 2$bOCLCQ 801 2$bOCLCO 801 2$bOCLCA 801 2$bU3W 801 2$bOCLCO 801 2$bOCLCQ 801 2$bOCLCO 801 2$bAU@ 801 2$bOCLCO 801 2$bWYU 801 2$bOCLCO 801 2$bOCLCA 801 2$bAUD 801 2$bOCLCA 801 2$bVT2 801 2$bOCLCO 801 2$bOCLCA 801 2$bOCLCQ 801 2$bOCLCO 801 2$bOCLCA 801 2$bUKBTH 801 2$bOCLCA 801 2$bDLC 801 2$bOCLCQ 801 2$bOCLCL 801 2$bOCLCQ 906 $aJOURNAL 912 $a9910154536203321 996 $aArtificial life$91412041 997 $aUNINA